000 01297nam a2200265 i 4500
001 bg
245 0 3 _aIV Sympozjum na temat Symulacja, pomiary i diagnostyka w elektrotermii :
_bHołny Mejera 27-30 września 1995 r. /
_c[red nauk. Zbigniew Dmochowski] ; Katedra Elektroenergetyki Wydziału Elektrycznego Politechniki Białostockiej, Sekcja Elektrotermii Komitetu Elektrotechniki PAN [Polskiej Akademii Nauk], Polski Komitet Elektrotermii SEP [Stowarzyszenia Elektryków Polskich] i SITPH [Stowarzyszenia Inżynierów i Techników Przemysłu Hutniczego], Koło SEP przy Politechnice Białostockiej, Koło SEP przy Instytucie Elektrotechniki w Warszawie.
260 _aBiałystok :
_bWydawnictwa PB,
_c1995
_e(B).
300 _a252 s. :
_brys., wykr. ;
_c23 cm.
500 _aTekst częśc. ang.
500 _aNa prawach rps.
504 _aBibliogr., streszcz., summ. przy ref.
650 9 _aDiagnostyka techniczna
650 9 _aElektrotermia
_xpomiary
650 9 _aSymulacja
_xstosowanie
_xelektrotechnika
655 _aMateriały konferencyjne
700 1 _aDmochowski, Zbigniew
_d(1931- ).
_eRed.
020 _a8386272252
040 _cBPK
041 0 _aplen
_benpl
080 _a621.365(061.3)
920 _a83-86272-25-2
942 _cKS
008 s pl f |000 0 pol
999 _c31020
_d31020
856 _uhttp://koha.tu.koszalin.pl/cgi-bin/koha/opac-detail.pl?biblionumber=31020
_yKatalog online BPK